[Event "SLO-chT 25th"]
[Site "Otocec"]
[Date "2015.11.08"]
[Round "6.23"]
[White "Jeric, Simon"]
[Black "Titan, Matej"]
[Result "1/2-1/2"]
[WhiteElo "2289"]
[BlackElo "2225"]
[PlyCount "120"]
[EventDate "2015.10.16"]
[EventType "team-tourn"]
[EventRounds "9"]
[EventCountry "SLO"]
[SourceTitle "EXT 2020"]
[Source "ChessBase"]
[SourceDate "2019.10.17"]
[SourceVersion "1"]
[SourceVersionDate "2019.10.17"]
[SourceQuality "1"]
[WhiteTeam "Vrhnika"]
[BlackTeam "Radenska Pomgrad"]
[WhiteTeamCountry "SLO"]
[BlackTeamCountry "SLO"]

1. b4 Nf6 2. Bb2 e6 3. b5 d5 4. e3 Be7 5. Nf3 0-0 6. Be2 c6 7. a4 a6 8. Nc3 Nbd7 9. d4 c5 10. dxc5 Nxc5 11. 0-0 a5 12. Nb1 Nfe4 13. c4 Bf6 14. Qc2 Bxb2 15. Qxb2 Qf6 16. Qxf6 Nxf6 17. Nbd2 Bd7 18. Ne5 Rfc8 19. Bf3 Be8 20. h3 h6 21. Rfd1 Ncd7 22. Nxd7 Bxd7 23. Rac1 Be8 24. c5 Nd7 25. Nb3 Ne5 26. e4 Nxf3+ 27. gxf3 dxe4 28. fxe4 e5 29. Rd6 f6 30. Rb6 Bf7 31. Nd2 Rc7 32. c6 bxc6 33. Rbxc6 Rd7 34. Rc8+ Rxc8 35. Rxc8+ Kh7 36. Rc2 Rd4 37. Rb2 Be6 38. b6 Bc8 39. Nf3 Rd1+ 40. Kh2 Bb7 41. Nd2 Ra1 42. Nb3 Rxa4 43. Nc5 Rb4 44. Rxb4 axb4 45. Kg1 Kg6 46. Kf1 b3 47. Nxb3 Bxe4 48. Nc5 Bc6 49. b7 Bxb7 50. Nxb7 Kg5 51. Nd6 f5 52. Kg2 Kf4 53. Ne8 g6 54. Ng7 e4 55. Ne6+ Ke5 56. Nc5 g5 57. Nb3 h5 58. Nd2 Kf4 59. Nc4 h4 60. Ne3 g4 1/2-1/2

[Event "SLO-chT 24th"]
[Site "Slovenia"]
[Date "2014.12.14"]
[Round "9.2"]
[White "Jeric, Simon"]
[Black "Titan, Matej"]
[Result "1-0"]
[WhiteElo "2273"]
[BlackElo "2226"]
[PlyCount "83"]
[EventDate "2014.11.14"]
[EventType "team-tourn"]
[EventRounds "9"]
[EventCountry "SLO"]
[SourceTitle "EXT 2016"]
[Source "ChessBase"]
[SourceDate "2015.10.08"]
[SourceVersion "1"]
[SourceVersionDate "2015.10.08"]
[SourceQuality "1"]
[WhiteTeam "Vrhnika"]
[BlackTeam "Pomgrad Radenska"]
[WhiteTeamCountry "SLO"]
[BlackTeamCountry "SLO"]

1. e4 e5 2. Nf3 Nc6 3. Bc4 Nf6 4. Ng5 d5 5. exd5 Na5 6. Bb5+ c6 7. dxc6 bxc6 8. Qf3 Rb8 9. Bd3 Bd6 10. Bf5 Bb7 11. Nc3 g6 12. Bh3 0-0 13. d3 Nd5 14. 0-0 Be7 15. Nce4 f5 16. Ne6 fxe4 17. Qxe4 Qd6 18. Nxf8 Rxf8 19. Bd2 Nf4 20. Bxa5 Nxh3+ 21. gxh3 Rf4 22. Qg2 Qd7 23. Bc3 c5 24. f3 Qf5 25. Rae1 Bd6 26. Re4 Bxe4 27. fxe4 Rxf1+ 28. Qxf1 Qg5+ 29. Kh1 Qe3 30. b3 Kg7 31. a4 a6 32. h4 h5 33. Kg2 Bc7 34. Qf2 Qc1 35. Bd2 Qd1 36. h3 Bd8 37. Be3 Ba5 38. Bxc5 Be1 39. Qf8+ Kh7 40. Qf7+ Kh8 41. Bf8 Qe2+ 42. Kh1 1-0

[Event "AUT-chT2M 1314"]
[Site "Austria"]
[Date "2014.03.22"]
[Round "7.1"]
[White "Jeric, Simon"]
[Black "Haba, Petr"]
[Result "1/2-1/2"]
[WhiteElo "2278"]
[BlackElo "2503"]
[PlyCount "69"]
[EventDate "2013.10.04"]
[EventType "team-tourn"]
[EventRounds "11"]
[EventCountry "AUT"]
[SourceTitle "EXT 2015"]
[Source "ChessBase"]
[SourceDate "2014.11.20"]
[SourceVersion "1"]
[SourceVersionDate "2014.11.20"]
[SourceQuality "1"]
[WhiteTeam "Feffernitz"]
[BlackTeam "Grieskirchen/Sedda"]
[WhiteTeamCountry "AUT"]
[BlackTeamCountry "AUT"]

1. e4 c5 2. c3 d5 3. exd5 Qxd5 4. d4 Nc6 5. Nf3 Bf5 6. Be2 e6 7. Na3 cxd4 8. Nb5 0-0-0 9. Nbxd4 Nxd4 10. Nxd4 e5 11. Nf3 Qxd1+ 12. Bxd1 Bc5 13. 0-0 f6 14. Be3 Bxe3 15. fxe3 Nh6 16. h3 Kc7 17. Be2 Be6 18. e4 Nf7 19. Kf2 Nd6 20. Bd3 Nc4 21. Bxc4 Bxc4 22. Rfd1 Rxd1 23. Rxd1 Bxa2 24. Ra1 Bc4 25. Nd2 Bb5 26. c4 Bc6 27. Rxa7 g6 28. Ke3 f5 29. b4 Rd8 30. Ra5 f4+ 31. Ke2 Rd4 32. Rxe5 Kd6 33. Rg5 Bxe4 34. Nxe4+ Rxe4+ 35. Kd3 1/2-1/2

[Event "SLO-chT"]
[Site "Slovenia"]
[Date "2013.11.23"]
[Round "2"]
[White "Mejak, Severin"]
[Black "Jeric, Simon"]
[Result "1-0"]
[WhiteElo "2104"]
[BlackElo "2282"]
[PlyCount "57"]
[EventDate "2013.11.22"]
[EventType "team-tourn"]
[EventRounds "9"]
[EventCountry "SLO"]
[SourceTitle "EXT 2015"]
[Source "ChessBase"]
[SourceDate "2014.11.20"]
[SourceVersion "1"]
[SourceVersionDate "2014.11.20"]
[SourceQuality "1"]
[WhiteTeam "Novo Mesto Krka"]
[BlackTeam "Vrhnika"]
[WhiteTeamCountry "SLO"]
[BlackTeamCountry "SLO"]

1. d4 d5 2. c4 c6 3. Nf3 Nf6 4. Nc3 dxc4 5. e4 b5 6. e5 Nd5 7. a4 e6 8. axb5 Nxc3 9. bxc3 cxb5 10. Ng5 Bb7 11. Qh5 g6 12. Qg4 h6 13. Ne4 h5 14. Qf3 Bxe4 15. Qxe4 Qd5 16. Qf4 Nc6 17. Be2 a5 18. Bf3 Qd7 19. 0-0 Ra6 20. Qf6 Rg8 21. Bxc6 Qxc6 22. Bg5 Qd7 23. Rfb1 Bg7 24. Qf3 a4 25. Rb4 Bf8 26. Raxa4 Be7 27. Rxa6 Bxg5 28. Ra8+ Bd8 29. Qf6 1-0

[Event "AUT-chT2M 1314"]
[Site "Austria"]
[Date "2013.10.06"]
[Round "3.3"]
[White "Jeric, Simon"]
[Black "Wittmann, Walter"]
[Result "0-1"]
[WhiteElo "2278"]
[BlackElo "2216"]
[PlyCount "80"]
[EventDate "2013.10.04"]
[EventType "team-tourn"]
[EventRounds "11"]
[EventCountry "AUT"]
[SourceTitle "CBM 156 Extra"]
[Source "ChessBase"]
[SourceDate "2013.10.22"]
[SourceVersion "1"]
[SourceVersionDate "2013.10.22"]
[SourceQuality "1"]
[WhiteTeam "Feffernitz"]
[BlackTeam "Graz Styria"]
[WhiteTeamCountry "AUT"]
[BlackTeamCountry "AUT"]

1. e4 c5 2. c3 d5 3. exd5 Qxd5 4. d4 Nf6 5. Nf3 Nc6 6. dxc5 Qxd1+ 7. Kxd1 e5 8. b4 Bf5 9. Bb5 0-0-0+ 10. Ke1 g6 11. Na3 Nd5 12. Bg5 f6 13. Bd2 g5 14. h3 h5 15. Nc4 Be6 16. a3 Be7 17. Rd1 Rhf8 18. g3 Nc7 19. Bxc6 bxc6 20. Ne3 Nb5 21. Ra1 Rd3 22. a4 Nc7 23. Rb1 Rfd8 24. Rb2 Nd5 25. h4 g4 26. Nh2 Nxc3 27. Bxc3 Rxc3 28. Ke2 f5 29. Rd1 Rxd1 30. Nxd1 Ra3 31. a5 f4 32. Nf1 Bf6 33. Rd2 Bd5 34. Nb2 Bf3+ 35. Ke1 Ra1+ 36. Nd1 e4 37. gxf4 Bc3 38. Nfe3 Bxb4 39. f5 Bxd1 40. Nxd1 Ra2 0-1

[Event "SLO-CupT"]
[Site "Ljubljana"]
[Date "2013.09.20"]
[Round "1.3"]
[White "Logar, Metod"]
[Black "Jeric, Simon"]
[Result "0-1"]
[WhiteElo "2049"]
[BlackElo "2277"]
[PlyCount "58"]
[EventDate "2013.09.20"]
[EventType "team-swiss"]
[EventRounds "5"]
[EventCountry "SLO"]
[SourceTitle "EXT 2019"]
[Source "ChessBase"]
[SourceDate "2018.10.10"]
[SourceVersion "1"]
[SourceVersionDate "2018.10.10"]
[SourceQuality "1"]
[WhiteTeam "Tomo Zupan Vzajemna"]
[BlackTeam "Vrhnika"]
[WhiteTeamCountry "SLO"]
[BlackTeamCountry "SLO"]

1. e4 e5 2. Nf3 Nc6 3. Bb5 a6 4. Ba4 Nge7 5. 0-0 g6 6. d4 exd4 7. Nxd4 Bg7 8. Be3 0-0 9. Nc3 b5 10. Bb3 Na5 11. Nde2 Bb7 12. Nf4 b4 13. Ncd5 Nxb3 14. axb3 Nxd5 15. Nxd5 Re8 16. Nxb4 Qe7 17. Nd5 Qxe4 18. c4 Bxb2 19. Ra2 Be5 20. Re2 Bxd5 21. cxd5 Bc3 22. Rc2 Qb4 23. Qd3 Be5 24. Rc4 Qb5 25. Rb1 Rab8 26. Bd2 c6 27. dxc6 d5 28. c7 dxc4 29. cxb8Q Rxb8 0-1

[Event "SLO-chT"]
[Site "Slovenia"]
[Date "2011.06.03"]
[Round "4"]
[White "Jeric, Simon"]
[Black "Kastelic, Marian"]
[Result "0-1"]
[WhiteElo "2294"]
[BlackElo "2292"]
[PlyCount "110"]
[EventDate "2011.05.27"]
[EventType "team-tourn"]
[EventRounds "9"]
[EventCountry "SLO"]
[SourceTitle "CBM 142 Extra"]
[Source "ChessBase"]
[SourceDate "2011.06.27"]
[SourceVersion "1"]
[SourceVersionDate "2011.06.27"]
[SourceQuality "1"]
[WhiteTeam "Vrhnika"]
[BlackTeam "Maribor Branik"]
[WhiteTeamCountry "SLO"]
[BlackTeamCountry "SLO"]

1. e4 e6 2. d4 d5 3. e5 c5 4. c3 Nc6 5. Nf3 Qb6 6. a3 cxd4 7. cxd4 Nge7 8. Nc3 Nf5 9. Na4 Qd8 10. b4 a6 11. Bb2 h5 12. Bd3 h4 13. h3 Be7 14. Nc5 b6 15. Nb3 Bd7 16. Qe2 a5 17. b5 Na7 18. a4 Bb4+ 19. Nbd2 Nc8 20. 0-0 Nce7 21. Ba3 Bxa3 22. Rxa3 Rc8 23. Rd1 Ng6 24. Bxf5 exf5 25. Qe3 f4 26. Qb3 Bf5 27. Ra2 0-0 28. Ne1 Qc7 29. Raa1 Rfd8 30. Qb2 Qc3 31. Qxc3 Rxc3 32. Rdc1 Rdc8 33. Rxc3 Rxc3 34. Kf1 Nf8 35. Nef3 Ne6 36. Nxh4 Bd3+ 37. Kg1 Nxd4 38. Nhf3 Ne6 39. h4 Bc2 40. Ne1 Bg6 41. Kf1 Nc5 42. Ke2 Kf8 43. Nef3 Bd3+ 44. Ke1 Bc2 45. Nb1 Rd3 46. Na3 Bxa4 47. Ke2 Rc3 48. Ra2 Nb3 49. Rb2 d4 50. Rb1 d3+ 51. Ke1 d2+ 52. Ke2 Nc5 53. Nxd2 Rxa3 54. Nc4 Rb3 55. Rxb3 Nxb3 0-1

[Event "SLO-chT"]
[Site "Slovenia"]
[Date "2011.05.28"]
[Round "2"]
[White "Jeric, Simon"]
[Black "Srebrnic, Vojko"]
[Result "1-0"]
[WhiteElo "2294"]
[BlackElo "2227"]
[PlyCount "63"]
[EventDate "2011.05.27"]
[EventType "team-tourn"]
[EventRounds "9"]
[EventCountry "SLO"]
[SourceTitle "CBM 142 Extra"]
[Source "ChessBase"]
[SourceDate "2011.06.27"]
[SourceVersion "1"]
[SourceVersionDate "2011.06.27"]
[SourceQuality "1"]
[WhiteTeam "Vrhnika"]
[BlackTeam "Nova Gorica"]
[WhiteTeamCountry "SLO"]
[BlackTeamCountry "SLO"]

1. e4 g6 2. d4 Bg7 3. Nc3 c5 4. Be3 cxd4 5. Bxd4 Bxd4 6. Qxd4 Nf6 7. e5 Nc6 8. Qf4 Nh5 9. Qh6 Qa5 10. f4 Qb4 11. Nge2 Nd4 12. Nxd4 Qxd4 13. g3 b5 14. Bg2 Rb8 15. Rd1 Qe3+ 16. Ne2 f5 17. Rd3 Qb6 18. h3 Bb7 19. Bxb7 Qxb7 20. 0-0 Kf7 21. Nd4 Ng7 22. g4 Qe4 23. Nf3 Ne6 24. Rxd7 Qxc2 25. Rf2 Qc1+ 26. Kh2 Ke8 27. Rfd2 Qc4 28. gxf5 Qxf4+ 29. Qxf4 Nxf4 30. f6 exf6 31. exf6 Kf8 32. Ng5 1-0

[Event "AUT-chT2M 0910"]
[Site "Austria"]
[Date "2010.01.31"]
[Round "6.3"]
[White "Jeric, Simon"]
[Black "Neubauer, Martin"]
[Result "0-1"]
[WhiteElo "2298"]
[BlackElo "2465"]
[PlyCount "76"]
[EventDate "2009.10.10"]
[EventType "team-tourn"]
[EventRounds "11"]
[EventCountry "AUT"]
[SourceTitle "EXT 2011"]
[Source "ChessBase"]
[SourceDate "2010.11.26"]
[SourceVersion "1"]
[SourceVersionDate "2010.11.26"]
[SourceQuality "1"]
[WhiteTeam "Raika Feffernitz"]
[BlackTeam "St Veit/Glan"]
[WhiteTeamCountry "AUT"]
[BlackTeamCountry "AUT"]

1. e4 e5 2. Nf3 Nc6 3. Bc4 Nf6 4. Ng5 d5 5. exd5 Na5 6. Bb5+ c6 7. dxc6 bxc6 8. Qf3 Rb8 9. Bd3 Bd6 10. Bf5 h6 11. Ne4 Nxe4 12. Bxe4 0-0 13. Bf5 e4 14. Bxe4 Re8 15. Kd1 Qh4 16. Bf5 Bxf5 17. Qxf5 Rb5 18. Qf3 g6 19. g4 Re6 20. Qg2 Nc4 21. d3 Nxb2+ 22. Bxb2 Rxb2 23. Nd2 Bf4 24. Ne4 Qd8 25. Qf3 Qb8 26. h3 g5 27. h4 Rxa2 28. Rxa2 Qb1+ 29. Ke2 Qxa2 30. hxg5 hxg5 31. Kf1 Qxc2 32. Rh5 Qb2 33. Kg2 Qe5 34. Rh1 a5 35. Rb1 Rh6 36. Ng3 Bxg3 37. Qxg3 Qd5+ 38. f3 Qa2+ 0-1

[Event "AUT-chT2M 0809"]
[Site "Austria"]
[Date "2009.02.01"]
[Round "6.3"]
[White "Jeric, Simon"]
[Black "Hatzl, Stefan"]
[Result "1-0"]
[WhiteElo "2279"]
[BlackElo "2148"]
[PlyCount "35"]
[EventDate "2008.10.11"]
[EventType "tourn"]
[EventRounds "11"]
[EventCountry "AUT"]
[SourceTitle "EXT 2010"]
[Source "ChessBase"]
[SourceDate "2010.11.25"]
[SourceVersion "1"]
[SourceVersionDate "2010.11.25"]
[SourceQuality "1"]
[WhiteTeam "Raika Feffernitz"]
[BlackTeam "Graz Styria"]
[WhiteTeamCountry "AUT"]
[BlackTeamCountry "AUT"]

1. e4 e6 2. d4 d5 3. e5 c5 4. c3 Nc6 5. Nf3 Bd7 6. Be2 cxd4 7. cxd4 Nh6 8. 0-0 Nf5 9. Nc3 a6 10. Be3 Rc8 11. Bd3 g6 12. Bxf5 gxf5 13. Ng5 h6 14. Qh5 hxg5 15. Qxh8 f4 16. g3 fxe3 17. fxe3 Qb6 18. Rxf7 1-0

[Event "SLO-chT 19th"]
[Site "Rogaska Slatina"]
[Date "2009.??.??"]
[Round "3"]
[White "Vospernik, Zdravko"]
[Black "Jeric, Simon"]
[Result "1-0"]
[WhiteElo "2277"]
[BlackElo "2279"]
[PlyCount "97"]
[EventDate "2009.12.11"]
[EventType "team-tourn"]
[EventRounds "9"]
[EventCountry "SLO"]
[SourceTitle "CBM 133 Extra"]
[Source "ChessBase"]
[SourceDate "2010.01.05"]
[SourceVersion "1"]
[SourceVersionDate "2010.01.05"]
[SourceQuality "1"]
[WhiteTeam "Ljubljana Vidmar"]
[BlackTeam "Vrhnika"]
[WhiteTeamCountry "SLO"]
[BlackTeamCountry "SLO"]

1. d4 d5 2. Nf3 Nf6 3. c4 c6 4. e3 a6 5. Bd3 Bg4 6. Nbd2 Nbd7 7. Qc2 b5 8. b3 e6 9. 0-0 Be7 10. Bb2 0-0 11. Ne5 Nxe5 12. dxe5 Nd7 13. Bxh7+ Kh8 14. h3 Bh5 15. g4 g6 16. gxh5 Kxh7 17. cxd5 cxd5 18. Rac1 Rc8 19. hxg6+ fxg6 20. Qxc8 Qxc8 21. Rxc8 Rxc8 22. Nf3 Rc2 23. Rb1 Nc5 24. Nd4 Rd2 25. Ba3 Rxa2 26. Bxc5 Bxc5 27. Nxe6 Be7 28. Rc1 Bh4 29. Rf1 Rb2 30. Nd4 a5 31. Nf3 Be7 32. Rc1 Kg7 33. Rc7 Kf8 34. Ra7 Bb4 35. Nh4 Be1 36. Nxg6+ Kg8 37. e6 Bxf2+ 38. Kh1 Rxb3 39. Ne7+ Kf8 40. Nxd5 Bh4 41. Rxa5 b4 42. Ra4 Be7 43. Ra8+ Kg7 44. Ra7 Rb1+ 45. Kg2 b3 46. Rxe7+ Kg6 47. Rb7 b2 48. e7 Kf7 49. Nf6 1-0

[Event "AUT-chT2M 0809"]
[Site "Austria"]
[Date "2008.11.30"]
[Round "4.3"]
[White "Jeric, Simon"]
[Black "Horvath, Sandor"]
[Result "1-0"]
[WhiteElo "2292"]
[BlackElo "2297"]
[PlyCount "115"]
[EventDate "2008.10.11"]
[EventType "tourn"]
[EventRounds "11"]
[EventCountry "AUT"]
[SourceTitle "CBM 127 Extra"]
[Source "ChessBase"]
[SourceDate "2009.01.08"]
[SourceVersion "2"]
[SourceVersionDate "2009.01.28"]
[SourceQuality "1"]
[WhiteTeam "Raika Feffernitz"]
[BlackTeam "Gleisdorf"]
[WhiteTeamCountry "AUT"]
[BlackTeamCountry "AUT"]

1. e4 Nc6 2. d4 d6 3. Nf3 Bg4 4. Be2 Bxf3 5. Bxf3 e5 6. c3 a6 7. 0-0 Nf6 8. Be3 Be7 9. Nd2 0-0 10. d5 Nb8 11. c4 Nbd7 12. b4 Ne8 13. Rc1 b6 14. Nb3 g6 15. c5 f5 16. cxb6 cxb6 17. Rc6 Bg5 18. Bxg5 Qxg5 19. Qc1 Qe7 20. Nd2 Rd8 21. Be2 Nb8 22. Rc3 Qb7 23. exf5 gxf5 24. Nf3 Rd7 25. Ng5 Ng7 26. Rd1 b5 27. Rh3 Ne8 28. Ne6 Rf6 29. Qg5+ Kh8 30. Bh5 Rxe6 31. dxe6 Rg7 32. Bf3 e4 33. Qxf5 exf3 34. Rxh7+ Kg8 35. Rxg7+ Nxg7 36. Qf6 Qc8 37. e7 Qg4 38. Qf8+ Kh7 39. Qxf3 Qxf3 40. gxf3 Ne8 41. Rc1 Nd7 42. Rc8 Ndf6 43. Rc6 Kg7 44. Rxa6 Nd5 45. a4 Kf7 46. Ra5 Nec7 47. axb5 Kxe7 48. h4 Kf6 49. Kh2 Nb6 50. Ra7 Ncd5 51. Kg3 Nc4 52. f4 Kg6 53. Rd7 Nf6 54. Rc7 d5 55. Rc6 Kf5 56. b6 Ne4+ 57. Kf3 Ned6 58. h5 1-0

[Event "AUT-chT2M 0809"]
[Site "Austria"]
[Date "2008.11.29"]
[Round "3.3"]
[White "Rolletschek, Heinrich"]
[Black "Jeric, Simon"]
[Result "1/2-1/2"]
[WhiteElo "2222"]
[BlackElo "2292"]
[PlyCount "124"]
[EventDate "2008.10.11"]
[EventType "tourn"]
[EventRounds "11"]
[EventCountry "AUT"]
[SourceTitle "CBM 127 Extra"]
[Source "ChessBase"]
[SourceDate "2009.01.08"]
[SourceVersion "2"]
[SourceVersionDate "2009.01.28"]
[SourceQuality "1"]
[WhiteTeam "Voecklabruck"]
[BlackTeam "Raika Feffernitz"]
[WhiteTeamCountry "AUT"]
[BlackTeamCountry "AUT"]

1. e4 e5 2. Nf3 Nc6 3. Bb5 Nge7 4. 0-0 a6 5. Ba4 g6 6. d4 exd4 7. Nxd4 Bg7 8. Be3 0-0 9. c4 d6 10. Nc3 Ne5 11. Bb3 c5 12. Nc2 Be6 13. Qe2 Qc7 14. h3 Rae8 15. Rad1 f5 16. f4 N5c6 17. Qd2 Rd8 18. Nd5 Bxd5 19. exd5 Na5 20. Ne1 b5 21. cxb5 axb5 22. Nf3 h6 23. Rc1 Nxb3 24. axb3 Qb7 25. Rfd1 Rfe8 26. Bf2 b4 27. Rc2 Kh7 28. Bh4 Ra8 29. Qd3 Ng8 30. Kh2 Re4 31. Re1 Rae8 32. Qd1 Nf6 33. Bxf6 Bxf6 34. g3 Rxe1 35. Nxe1 Bd4 36. Nf3 Qxd5 37. Rd2 Re4 38. h4 Kg7 39. Kh3 Kf7 40. Rd3 Ke7 41. Rd2 Re3 42. Nxd4 cxd4 43. Qc1 d3 44. Qc7+ Kf8 45. Qd8+ Kf7 46. Qc7+ Kf6 47. Qd8+ Re7 48. Qf8+ Rf7 49. Qb8 g5 50. fxg5+ hxg5 51. Qd8+ Ke6 52. Qe8+ Kf6 53. Qd8+ Ke5 54. Qxg5 Qh1+ 55. Rh2 Qf1+ 56. Rg2 d5 57. Qe3+ Kd6 58. Qb6+ Ke5 59. Qe3+ Kd6 60. Qb6+ Ke7 61. Qb7+ Ke6 62. Qb6+ Ke5 1/2-1/2

[Event "SLO-chT1 West"]
[Site "Ljubljana"]
[Date "2008.11.13"]
[Round "1.4"]
[White "Jeric, Simon"]
[Black "Pazlar, Marko"]
[Result "1-0"]
[WhiteElo "2292"]
[BlackElo "2068"]
[PlyCount "54"]
[EventDate "2008.11.13"]
[EventType "tourn"]
[EventRounds "9"]
[EventCountry "SLO"]
[SourceTitle "EXT 2010"]
[Source "ChessBase"]
[SourceDate "2010.11.25"]
[SourceVersion "1"]
[SourceVersionDate "2010.11.25"]
[SourceQuality "1"]
[WhiteTeam "Vrhnika"]
[BlackTeam "Jesenice"]
[WhiteTeamCountry "SLO"]
[BlackTeamCountry "SLO"]

1. e4 e6 2. d4 d5 3. e5 c5 4. c3 Bd7 5. Nf3 Nc6 6. Be2 Nh6 7. 0-0 Nf5 8. Be3 Be7 9. Bd3 g6 10. Bxf5 gxf5 11. dxc5 Qc7 12. Bd4 Nxd4 13. cxd4 b6 14. cxb6 Qxb6 15. Qd2 0-0 16. Nc3 Kh8 17. Rab1 a5 18. Qh6 Rg8 19. Nxd5 Qd8 20. Nxe7 Qxe7 21. Rfc1 Rg6 22. Qh4 Qe8 23. Rc7 Kg7 24. Rbc1 Rc8 25. Ng5 h6 26. Nh3 Bc6 27. R1xc6 Qxc6 1-0

[Event "Feffernitz Raika op 17th"]
[Site "Feffernitz"]
[Date "2008.08.18"]
[Round "3"]
[White "Jeric, Simon"]
[Black "Tsifanskaya, Ludmila A"]
[Result "1/2-1/2"]
[WhiteElo "2304"]
[BlackElo "2130"]
[PlyCount "51"]
[EventDate "2008.08.17"]
[EventType "swiss"]
[EventRounds "9"]
[EventCountry "AUT"]
[SourceTitle "CBM 126 Extra"]
[Source "ChessBase"]
[SourceDate "2008.11.05"]
[SourceVersion "1"]
[SourceVersionDate "2008.11.05"]
[SourceQuality "1"]

1. e4 c5 2. c3 Nf6 3. e5 Nd5 4. d4 cxd4 5. Nf3 Nc6 6. cxd4 g6 7. Qb3 Nb6 8. Nc3 Bg7 9. Bf4 d6 10. Rd1 0-0 11. exd6 exd6 12. Be2 Bg4 13. 0-0 Bxf3 14. Bxf3 Nxd4 15. Rxd4 Bxd4 16. Rd1 Re8 17. Bxb7 Qe7 18. h3 Qxb7 19. Rxd4 Qe7 20. Ne4 Qe6 21. Qg3 d5 22. Ng5 Qf6 23. Qh4 h5 24. Be3 Re5 25. b3 Rae8 26. Qg3 1/2-1/2

[Event "Latschach op 24th"]
[Site "Latschach"]
[Date "2008.08.11"]
[Round "4"]
[White "Jeric, Simon"]
[Black "Pelagatti, Alessandro"]
[Result "0-1"]
[WhiteElo "2304"]
[BlackElo "2138"]
[PlyCount "71"]
[EventDate "2008.08.09"]
[EventType "swiss"]
[EventRounds "9"]
[EventCountry "AUT"]
[SourceTitle "CBM 125 Extra"]
[Source "ChessBase"]
[SourceDate "2008.09.01"]
[SourceVersion "1"]
[SourceVersionDate "2008.09.01"]
[SourceQuality "1"]

1. e4 e6 2. d4 d5 3. e5 c5 4. c3 Nc6 5. Nf3 Nh6 6. Bd3 f6 7. 0-0 Nf7 8. Qe2 fxe5 9. Nxe5 Ncxe5 10. dxe5 g6 11. f4 Bd7 12. f5 gxf5 13. Bxf5 Qe7 14. Bh3 h5 15. c4 d4 16. Qf3 Nxe5 17. Qxb7 Bc6 18. Qxe7+ Kxe7 19. Bg5+ Kd6 20. Bf6 Bh6 21. Bxh8 Be3+ 22. Kh1 Rxh8 23. Na3 Nd3 24. b3 a6 25. Nc2 Nf2+ 26. Rxf2 Bxf2 27. Rf1 Rf8 28. b4 e5 29. bxc5+ Kxc5 30. Be6 e4 31. Bd5 Bxd5 32. cxd5 d3 33. Ne3 Kd4 34. Nf5+ Rxf5 35. d6 e3 36. d7 0-1

[Event "Latschach op 24th"]
[Site "Latschach"]
[Date "2008.08.10"]
[Round "3"]
[White "Wrede, Stefan"]
[Black "Jeric, Simon"]
[Result "1/2-1/2"]
[WhiteElo "2128"]
[BlackElo "2304"]
[PlyCount "55"]
[EventDate "2008.08.09"]
[EventType "swiss"]
[EventRounds "9"]
[EventCountry "AUT"]
[SourceTitle "CBM 125 Extra"]
[Source "ChessBase"]
[SourceDate "2008.09.01"]
[SourceVersion "1"]
[SourceVersionDate "2008.09.01"]
[SourceQuality "1"]

1. c4 e5 2. Nc3 Nf6 3. g3 c6 4. d4 exd4 5. Qxd4 d5 6. Bg5 Be7 7. cxd5 cxd5 8. Nf3 Nc6 9. Qa4 0-0 10. Rd1 Be6 11. Bg2 h6 12. Be3 Qa5 13. Qxa5 Nxa5 14. 0-0 Nc4 15. Bc1 Rac8 16. Nd4 a6 17. Nxe6 fxe6 18. e4 Bb4 19. exd5 Bxc3 20. bxc3 exd5 21. Bxd5+ Nxd5 22. Rxd5 Rf3 23. Rd7 b5 24. Re1 Rxc3 25. Bxh6 gxh6 26. Ree7 Rf3 27. Rg7+ Kf8 28. Rh7 1/2-1/2

[Event "Portoroz op 9th"]
[Site "Portoroz"]
[Date "2007.10.01"]
[Round "7"]
[White "Jeric, Simon"]
[Black "Rebernik, Bostjan"]
[Result "1-0"]
[WhiteElo "2304"]
[BlackElo "2083"]
[PlyCount "61"]
[EventDate "2007.09.28"]
[EventType "swiss"]
[EventRounds "7"]
[EventCountry "SLO"]
[SourceTitle "CBM 120 Extra"]
[Source "ChessBase"]
[SourceDate "2007.11.01"]
[SourceVersion "1"]
[SourceVersionDate "2007.11.01"]
[SourceQuality "1"]

1. e4 c5 2. c3 d5 3. exd5 Qxd5 4. d4 Nf6 5. Nf3 e6 6. Be3 cxd4 7. cxd4 Bb4+ 8. Nc3 0-0 9. Bd3 b6 10. 0-0 Bxc3 11. bxc3 Ba6 12. Bxa6 Nxa6 13. Qe2 Nb8 14. c4 Qe4 15. a4 Nc6 16. Rfd1 Rfd8 17. h3 h6 18. Qb2 Qf5 19. Qb5 Qxb5 20. axb5 Na5 21. Rxa5 bxa5 22. Ra1 Nd7 23. c5 f6 24. Rxa5 Rdc8 25. Nd2 e5 26. Ne4 f5 27. Nd6 exd4 28. Bxd4 Rxc5 29. Bxc5 Nxc5 30. b6 Nb7 31. Nxb7 1-0

[Event "Portoroz op 9th"]
[Site "Portoroz"]
[Date "2007.09.29"]
[Round "4"]
[White "Jeric, Simon"]
[Black "Belamaric, Goran"]
[Result "0-1"]
[WhiteElo "2304"]
[BlackElo "2171"]
[PlyCount "78"]
[EventDate "2007.09.28"]
[EventType "swiss"]
[EventRounds "7"]
[EventCountry "SLO"]
[SourceTitle "CBM 120 Extra"]
[Source "ChessBase"]
[SourceDate "2007.11.01"]
[SourceVersion "1"]
[SourceVersionDate "2007.11.01"]
[SourceQuality "1"]

1. e4 Nc6 2. d4 d5 3. Nc3 Nf6 4. e5 Nd7 5. f4 Nb6 6. Nf3 Bf5 7. a3 e6 8. Be3 Be7 9. Bf2 Na5 10. h3 h5 11. Bd3 Rc8 12. 0-0 g6 13. Bxf5 gxf5 14. Ne2 h4 15. Nc1 Nd7 16. Nd3 b6 17. Kh2 c5 18. b4 Nc4 19. c3 Kf8 20. Rg1 a5 21. Qe2 Rh6 22. Rgb1 cxb4 23. axb4 Kg7 24. Rg1 Nf8 25. g4 hxg3+ 26. Rxg3+ Ng6 27. Ng5 Qh8 28. Rh1 Bxg5 29. fxg5 Rh4 30. Kg2 Re4 31. Qa2 axb4 32. cxb4 Ra8 33. Qb1 Qh5 34. Qd1 Re2 35. Re1 Raa2 36. Rxe2 Rxe2 37. Kg1 f4 38. Rg4 f3 39. Kh2 Ne3 0-1

[Event "Portoroz op 9th"]
[Site "Portoroz"]
[Date "2007.09.28"]
[Round "2"]
[White "Jeric, Simon"]
[Black "Siftar, Drago"]
[Result "1-0"]
[WhiteElo "2304"]
[BlackElo "2024"]
[PlyCount "53"]
[EventDate "2007.09.28"]
[EventType "swiss"]
[EventRounds "7"]
[EventCountry "SLO"]
[SourceTitle "CBM 120 Extra"]
[Source "ChessBase"]
[SourceDate "2007.11.01"]
[SourceVersion "1"]
[SourceVersionDate "2007.11.01"]
[SourceQuality "1"]

1. e4 c5 2. c3 e6 3. d4 cxd4 4. cxd4 d5 5. e5 Nc6 6. Nf3 Bd7 7. Nc3 a6 8. Bd3 h6 9. 0-0 b5 10. Ne2 Rc8 11. Be3 Nb4 12. Bb1 Ne7 13. a3 Nbc6 14. Nf4 Qc7 15. Nd2 Na5 16. Qe2 Qb7 17. b4 Nc4 18. Nb3 Ra8 19. Nc5 Qc6 20. a4 bxa4 21. Bc2 Ra7 22. Bxa4 Qb6 23. Bxd7+ Rxd7 24. Nxd7 Kxd7 25. Qa2 Nc8 26. Nd3 Be7 27. Qxa6 1-0